| 000 | 01601cam a2200325 a 4500 | ||
|---|---|---|---|
| 999 |
_c4193 _d4193 |
||
| 001 | 17079065 | ||
| 003 | OSt | ||
| 005 | 20250124090253.0 | ||
| 008 | 111116s2011 enkab b 001 0beng | ||
| 010 | _a 2011535429 | ||
| 020 | _a9781846042508 | ||
| 040 |
_aDLC _cDLC _dDLC _dKH8 |
||
| 042 | _apcc | ||
| 043 | _aa-br--- | ||
| 082 | 0 | 0 |
_a959.105 POP _223 |
| 100 | 1 |
_aPopham, Peter, _eauthor. |
|
| 245 | 1 | 4 |
_aThe lady and the peacock : _bthe life of Aung San Suu Kyi / _cPeter Popham. |
| 260 |
_aLondon : _bRider Books , _cc2011. |
||
| 300 |
_axviii, 446 p. : _bill., maps ; _c24 cm. |
||
| 504 | _aIncludes bibliographical references (p. [429]-431) and index. | ||
| 505 | 0 | _aMap of Burma -- Prologue -- pt. 1. Her Father's Child -- pt. 2. The Peacock's Fan -- Late Call -- Debut -- Freedom and Slaughter -- The Funeral -- Open Road -- Her Father's Blood -- Defiance -- pt. 3. The Wide World -- Grief of a Child -- The Gang of Five -- An Oriental at St. Hugh's -- Choices -- Superwoman -- pt. 4. Heirs to the Kingdom -- Alone -- Landslide Victory -- Long Live Holiness -- The Peace Prize -- Heroes and Traitors -- pt. 5. The Road Map -- Meeting Suu -- Nightmare -- The Saffron Revolution -- The Peacock Effect. | |
| 600 | 0 | 0 | _aAung San Suu Kyi. |
| 650 | 0 |
_aWomen political activists _zBurma _vBiography. |
|
| 650 | 0 |
_aPolitical activists _zBurma _vBiography. |
|
| 650 | 0 |
_aWomen political prisoners _zBurma _vBiography. |
|
| 650 | 0 |
_aWomen politicians _zBurma _vBiography. |
|
| 651 | 0 |
_aBurma _xPolitics and government _y1988- |
|
| 651 | 0 |
_aBurma _xPolitics and government _y1948- |
|
| 942 |
_2ddc _cNFIC |
||